000 00638nam a2200241Ia 4500
003 OSt
005 20220928120950.0
006 a|||||r|||| 00| 0
007 ta
008 220927b |||||||| |||| 00| 0 eng d
024 _a121630
037 _cTextual
040 _aSDCL
_cSDCL
_beng
041 _2eng
_aeng
082 _aJB:95, N7
100 _aKimmins J P
_9451426
245 0 _aForest ecology
_b A foundation for sustainable management.
250 _a2
260 _aNew Jersey
_bPrentice Hall
_c1997
300 _axii,596p.
_ccm.
942 _hJB:95, N7
_cTEXL
_2CC
999 _c765484
_d765484